Sweden the island of peace (Record no. 23649)

000 -LEADER
fixed length control field 00240nam a22000857a 4500
003 - CONTROL NUMBER IDENTIFIER
control field Nust
005 - DATE AND TIME OF LATEST TRANSACTION
control field 20170529122647.0
008 - FIXED-LENGTH DATA ELEMENTS--GENERAL INFORMATION
fixed length control field 131220b xxu||||| |||| 00| 0 eng d
020 ## - INTERNATIONAL STANDARD BOOK NUMBER
Terms of availability Available
040 ## - CATALOGING SOURCE
Original cataloging agency DLC
Language of cataloging DLC
Transcribing agency RCMS
082 ## - DEWEY DECIMAL CLASSIFICATION NUMBER
Classification number 948.5 RIZ
100 ## - MAIN ENTRY--PERSONAL NAME
Personal name Yaseen Rizvi
9 (RLIN) 462
245 ## - TITLE STATEMENT
Title Sweden the island of peace
Statement of responsibility, etc. Yaseen Rizvi
260 ## - PUBLICATION, DISTRIBUTION, ETC.
Place of publication, distribution, etc. Lahore
Name of publisher, distributor, etc. Shirkat Printing Press
Date of publication, distribution, etc. c1990
300 ## - PHYSICAL DESCRIPTION
Extent 199 p.
Other physical details ill:
Dimensions 22,cm.
538 ## - SYSTEM DETAILS NOTE
Display text Shelf # 13, Row # 4, Fiction.
650 ## - SUBJECT ADDED ENTRY--TOPICAL TERM
Topical term or geographic name entry element Sweden
9 (RLIN) 463
856 ## - ELECTRONIC LOCATION AND ACCESS
Materials specified Table of Content Only
942 ## - ADDED ENTRY ELEMENTS (KOHA)
Source of classification or shelving scheme
Koha item type Fiction
Holdings
Withdrawn status Lost status Source of classification or shelving scheme Damaged status Not for loan Permanent Location Current Location Shelving location Date acquired Total Checkouts Full call number Barcode Date last seen Date last checked out Price effective from Koha item type
          Central Library (CL) Central Library (CL) Fiction 12/20/2013 1 948.5 RIZ RCMS001040 11/22/2023 10/26/2023 12/20/2013 Book
© 2023 Central Library, National University of Sciences and Technology. All Rights Reserved.